000 00578nam a22001937a 4500
003 KOHA_MİRAKIL
005 20260407090101.0
008 260407b tu ||||| |||| 00| 0 tur d
040 _aTR-AnABB
_btur
_cTR-AnABB
041 _atur
082 _a352.00809561
_bAGA
100 1 _aAğaç, Binali
245 1 0 _aDemokratik katılımcı özerk belediyecilik /
_cBinali Ağaç
260 _a[y.,y.] :
_b[yayl. y.] ,
_c[199?]
300 _a32 sayfa ;
_c20 cm
500 _aYazar tarafından imzalıdır.
650 0 4 _aYerel Yönetimler, Türkiye
942 _2ddc
_cBK
999 _c10175
_d10175
900 _bCan ÇELIK